000 01662nam0a2200337 4500
001 RU\NLR\BIBL_A\011897019
005 20190109105835.0
010 _a978-5-9991-0357-4
_9500
021 _aRU
_bКН-П-18-084492
_9КН-П-18-6116
035 _a(NLR Aleph) 011897019
035 _a(RuMoRGB)009801489
090 _a10863220
_c10863220
100 _a20181220d2016 k y0rusy50 ca
101 0 _arus
102 _aRU
105 _ay|||z|||000zy
200 1 _aЖилищное право
_eучебно-методический комплекс для студентов юридического факультета
_fДолотова Е. А.
_gЧастное образовательное учреждение высшего профессионального образования Институт социальных и гуманитарных знаний ЧОУ ВПО "ИСГЗ"
205 _a3-е изд., стер.
210 _aКазань
_cЮниверсум
_d2016
215 _a129 с.
_d21
225 1 _aСистема дистанционного обучения
300 _aНа тит.л. и обл.: 0110.05.01
320 _aБиблиогр.: с. 100-104
606 1 _aЖилищное право
_yРоссийская Федерация
_jУчебно-методические пособия для высших учебных заведений
_2nlr_sh1
_2nlr_sh2
_3RU\NLR\AUTH\661246295
686 1 _aХ623.211.33я73
700 1 _aДолотова
_bЕ. А.
_gЕкатерина Андреевна
942 _cBOOK
980 _aNBR
980 _aNB